000 00522nam a2200229Ia 4500
003 OSt
005 20221005120558.0
006 a|||||r|||| 00| 0
007 ta
008 221004b |||||||| |||| 00| 0 eng d
024 _a21628
037 _cTextual
040 _aCRL
_cCRL
_beng
041 _2eng
_aeng
082 _aQk, L5
245 0 _aEncyclopedia of World religions
260 _c1975
300 _a252p
_ccm.
650 _aRELIGION
942 _hQk, L5
_cTEXL
_2cc
999 _c1038474
_d1038474